| 000 | 00945nam a22003017a 4500 | ||
|---|---|---|---|
| 001 | BR7301062 | ||
| 003 | BR-BrBNA | ||
| 005 | 20230928083850.0 | ||
| 007 | ta | ||
| 008 | 230509b bl.||||| |||| 00| 0 por d | ||
| 040 |
_aBR-BrBNA _bpor _cBiblioteca Nacional de Agricultura |
||
| 041 | _a(Por) | ||
| 072 |
_aF60; F40 _b2120 |
||
| 090 | _ 2120 BR7301062 | ||
| 100 | 1 | _aMiranda Neto, A.T. de | |
| 110 | 1 |
_aUniversidade Federal de Vicosa, MG (Brasil) _0Tese (Magister Scientiae) |
|
| 245 | 1 | _aAssimilacao do azoto em mudas de cafe (Coffea arbica L.)cultivadas sob diferentes niveis de sombra e formas de azoto | |
| 260 | 3 |
_aVicosa, MG (Brasil): _c1970. |
|
| 300 | _a38 p. | ||
| 500 | _aBibliography p. 33-38 (58 ref.); Summary (Por) | ||
| 650 | _aFisiologia vegetal | ||
| 650 | _aBioquimica vegetal | ||
| 650 | _aEcologia vegetal | ||
| 650 | _aCafe | ||
| 650 | _aNitrogenio | ||
| 909 |
_a202309 _bLucia _c55 _dLucia Elande |
||
| 942 | _cBK | ||
| 999 |
_c15590 _d15590 |
||